| 000 | 00686nam a2200229Ia 4500 | ||
|---|---|---|---|
| 003 | OSt | ||
| 005 | 20220926013333.0 | ||
| 006 | a|||||r|||| 00| 0 | ||
| 007 | ta | ||
| 008 | 220923b |||||||| |||| 00| 0 eng d | ||
| 037 | _cGeneral Book | ||
| 040 |
_aRTL _cRTL _beng |
||
| 041 |
_2eng _aeng |
||
| 082 | _aY:3(S5).73.N6, K7 | ||
| 100 |
_aReiss Ira L _988321 |
||
| 245 | 0 | _aSocial context of premarital sexual permissiveness | |
| 260 |
_aNew York _bHolt Rinehart and Winston _c1967 |
||
| 300 |
_axiv,245p _ccm. |
||
| 500 | _aBibliography : P 234-245; Appendixe : P 183-233 | ||
| 942 |
_hY:3(S5).73.N6, K7 _cGB _2CC |
||
| 999 |
_c625752 _d625752 |
||